<?xml version="1.0" encoding="UTF-8"?>
<collection xmlns="http://www.loc.gov/MARC21/slim">
    <record>
        <controlfield tag="001">57109</controlfield>
        <controlfield tag="005">20200221144225.0</controlfield>
        <datafield tag="024" ind1="8" ind2=" ">
            <subfield code="2">sideral</subfield>
            <subfield code="a">96796</subfield>
        </datafield>
        <datafield tag="037" ind1=" " ind2=" ">
            <subfield code="a">ART-2016-96796</subfield>
        </datafield>
        <datafield tag="041" ind1=" " ind2=" ">
            <subfield code="a">spa</subfield>
        </datafield>
        <datafield tag="100" ind1=" " ind2=" ">
            <subfield code="a">Cantín Galindo, Susana</subfield>
        </datafield>
        <datafield tag="245" ind1=" " ind2=" ">
            <subfield code="a">Investigación de residuos de plaguicidas en frutas, verduras y hortalizas y cereales en la Comunidad Autónoma de Aragón durante el periodo 2010-2013</subfield>
        </datafield>
        <datafield tag="260" ind1=" " ind2=" ">
            <subfield code="c">2016</subfield>
        </datafield>
        <datafield tag="506" ind1="0" ind2=" ">
            <subfield code="a">Access copy available to the general public</subfield>
            <subfield code="f">Unrestricted</subfield>
        </datafield>
        <datafield tag="520" ind1="3" ind2=" ">
            <subfield code="a">En este estudio se ha realizado una investigación sobre residuos de plaguicidas en muestras de frutas, verduras y hortalizas y cereales en la Comunidad Autónoma de Aragón durante el periodo 2010-2013. Para ello, se ha llevado a cabo un análisis de los resultados obtenidos de dichas muestras, y en aquellas que se ha superado el Límite Máximo de Residuos (LMR), se ha realizado una evaluación del riesgo mediante el modelo de la Autoridad Europea de Seguridad Alimentaria (EFSA) PRIMo.
Solamente en un 6% de las 183 muestras analizadas se ha superado el LMR. De éstas, únicamente en un melocotón y en una borraja se han detectado riesgos de toxicidad aguda para los consumidores.
Palabras clave: Residuos de plaguicidas, Límites Máximo de Residuo, evaluación del riesgo, modelo EFSA PRIMo.   

Investigation of pesticide residues in fruits, vegetables and cereals in Aragon during the period 2010-2013 In this study we have conducted research on pesticide residues in samples of fruits, vegetables and cereals in Aragon during the period 2010-2013. To do this, we have conducted an analysis of the results of these samples, and those that have exceeded the Maximum Residue Limit (MRL) has been performed a risk assessment by EFSA PRIMo model.
Only in 6% of the 183 analyzed samples exceeded the MRL. Of these, only a peach and a borage were detected acute toxicity risks to consumers.
Keywords: Pesticides residues, Maximum Residue Level, risk assessment, EFSA PRIMo model.</subfield>
        </datafield>
        <datafield tag="540" ind1=" " ind2=" ">
            <subfield code="9">info:eu-repo/semantics/openAccess</subfield>
            <subfield code="a">All rights reserved</subfield>
            <subfield code="u">http://www.europeana.eu/rights/rr-f/</subfield>
        </datafield>
        <datafield tag="592" ind1=" " ind2=" ">
            <subfield code="a">0.133</subfield>
            <subfield code="b">2016</subfield>
        </datafield>
        <datafield tag="593" ind1=" " ind2=" ">
            <subfield code="a">Toxicology</subfield>
            <subfield code="c">2016</subfield>
            <subfield code="d">Q4</subfield>
        </datafield>
        <datafield tag="655" ind1=" " ind2="4">
            <subfield code="a">info:eu-repo/semantics/article</subfield>
            <subfield code="v">info:eu-repo/semantics/publishedVersion</subfield>
        </datafield>
        <datafield tag="700" ind1=" " ind2=" ">
            <subfield code="a">Herrer Mambrona, Pilar</subfield>
        </datafield>
        <datafield tag="700" ind1=" " ind2=" ">
            <subfield code="a">Carcas de Benavides, María Cristina</subfield>
        </datafield>
        <datafield tag="700" ind1=" " ind2=" ">
            <subfield code="a">Roca Vela, María Ángeles</subfield>
        </datafield>
        <datafield tag="700" ind1=" " ind2=" ">
            <subfield code="0">(orcid)0000-0001-9962-3387</subfield>
            <subfield code="a">Frutos Pérez-Surio, Alberto José</subfield>
            <subfield code="u">Universidad de Zaragoza</subfield>
        </datafield>
        <datafield tag="710" ind1="2" ind2=" ">
            <subfield code="1">1008</subfield>
            <subfield code="2">615</subfield>
            <subfield code="a">Universidad de Zaragoza</subfield>
            <subfield code="b">Dpto. Microb.Med.Pr.,Sal.Públ.</subfield>
            <subfield code="c">Área Medic.Prevent.Salud Públ.</subfield>
        </datafield>
        <datafield tag="773" ind1=" " ind2=" ">
            <subfield code="g">33 (2016), 44-49</subfield>
            <subfield code="p">Rev. toxicol.</subfield>
            <subfield code="t">Revista de toxicología</subfield>
            <subfield code="x">0212-7113</subfield>
        </datafield>
        <datafield tag="856" ind1="4" ind2="1">
            <subfield code="u">http://www.redalyc.org/articulo.oa?id=91946517007</subfield>
            <subfield code="z">Texto completo de la revista</subfield>
        </datafield>
        <datafield tag="856" ind1="4" ind2=" ">
            <subfield code="s">154788</subfield>
            <subfield code="u">http://zaguan.unizar.es/record/57109/files/texto_completo.pdf</subfield>
            <subfield code="y">Versión publicada</subfield>
        </datafield>
        <datafield tag="856" ind1="4" ind2=" ">
            <subfield code="s">9188</subfield>
            <subfield code="u">http://zaguan.unizar.es/record/57109/files/texto_completo.jpg?subformat=icon</subfield>
            <subfield code="x">icon</subfield>
            <subfield code="y">Versión publicada</subfield>
        </datafield>
        <datafield tag="909" ind1="C" ind2="O">
            <subfield code="o">oai:zaguan.unizar.es:57109</subfield>
            <subfield code="p">articulos</subfield>
            <subfield code="p">driver</subfield>
        </datafield>
        <datafield tag="951" ind1=" " ind2=" ">
            <subfield code="a">2020-02-21-13:17:15</subfield>
        </datafield>
        <datafield tag="980" ind1=" " ind2=" ">
            <subfield code="a">ARTICLE</subfield>
        </datafield>
    </record>

    
</collection>